| 000 | 00649nam a2200205 a 4500 | ||
|---|---|---|---|
| 005 | 20210219154348.0 | ||
| 008 | 991125n 000 0 u | ||
| 035 | _aUPN01000123547 | ||
| 100 | _aTENORTH, Heinz-Elmar | ||
| 222 | _aREVISTA DE EDUCACION | ||
| 245 | _aContenido y contine de la historia social de la educacion : lo que nos enseƱa la educacion historica reciente acerca del sistema educativo aleman | ||
| 300 | _a133-185 | ||
| 362 | _a1992 Vol. 46 | ||
| 653 | 0 | _aMARXISMO | |
| 653 | 0 | _aMATERIALISMO HISTORICO | |
| 653 | 0 | _aPRACTICA EDUCATIVA | |
| 653 | 0 | _aTEORIAS DE LA EDUCACION | |
| 904 |
_aAC _b029547 |
||
| 905 | _aArticulo | ||
| 999 |
_c95727 _d95727 |
||